Los riesgos urbanos y la justicia urbana en Centroamerica /

Bewaard in:
Bibliografische gegevens
Hoofdauteur: Caballero Zeitun, Elsa Lily
Formaat: Texto
Taal:Spanish
Onderwerpen:
Tags: Voeg label toe
Geen labels, Wees de eerste die dit record labelt!

MARC

LEADER 00000 a a2200000 04500
001 45830
003 cru CRAI/IIS
005 20210609105838.0
008 210609b |||||||| |||| 00| 0 spa d
040 |c cru CRAI/IIS 
100 1 |a Caballero Zeitun, Elsa Lily  
245 |a Los riesgos urbanos y la justicia urbana en Centroamerica /  |c Elsa Lily Caballero Zeitun  
500 |a Colección Centroamérica 
650 0 |9 2130  |a JUSTICIA SOCIAL 
651 0 |9 308  |a CENTROAMERICA 
773 |g volumen 39 (2013), páginas 11-27  
773 0 |0 18765  |9 5757  |a Universidad de Costa Rica.  |d San José, Costa Rica: Editorial Universidad de Costa Rica, 1974-  |o 15291  |t Anuario de Estudios Centroamericanos /  |x 03777316 
942 |2 ddc  |c PP 
999 |c 17863  |d 17863